000 00639nam a2200229Ia 4500
003 OSt
005 20220928111950.0
006 a|||||r|||| 00| 0
007 ta
008 220927b |||||||| |||| 00| 0 eng d
024 _a34677
037 _cTextual
040 _aSDCL
_cSDCL
_beng
041 _2eng
_aeng
082 _aX:(B), K4
100 _aGreen H A John
_9425669
245 0 _aAggregation in economic analysis
_b An introductory survey.
260 _aNew Jersey
_bPrinceton University Press
_c1964
300 _aix,129p
_ccm.
942 _hX:(B), K4
_cTEXL
_2CC
999 _c742699
_d742699